La caída /

Shranjeno v:
Bibliografske podrobnosti
Glavni avtor: Camus, Albert (autor)
Format: Knjiga
Jezik:španščina
Izdano: Buenos Aires, Argentina : Losada, 1957, c1957
Izdaja:7a edición
Serija:(Las Grandes Novelas de Nuestra Epoca)
Teme:
Oznake: Označite
Brez oznak, prvi označite!

MARC

LEADER 00000nam^a2200000^a^4500
001 000338340
005 20250521000000.0
009 20260310114355.487
037 |a Acervo Xavier Clavigero 
041 |a ESP 
082 |a 843.  |b CAM 
100 |a Camus, Albert  |e (autor) 
240 1 4 |a [La caída] 
245 1 3 |a La caída /  |c A. Camus ; tr. por Alberto Luis Bixio. 
250 |a 7a edición 
264 4 |a Buenos Aires, Argentina :  |b Losada,  |c 1957, c1957 
300 |a 121 p. 
336 |a texto  |b txt  |2 rdacontenido 
337 |a sin mediación  |b n  |2 rdamedio 
338 |a volumen  |b nc  |2 rdasoporte 
440 5 |a (Las Grandes Novelas de Nuestra Epoca) 
500 |a Traducción de: La chute 
545 0 |a Albert Camus (Mondovi, Argelia, 1913-Villeblevin, Yonne, 1960), novelista, ensayista y dramaturgo francés. Nacido en Argelia en una familia francesa, estudió en Argel. Ya en París, desde 1940, participó en la resistencia; durante la posguerra fue jefe de redacción del periódico Combat. Alcanzó el éxito literario con sus novela El extranjero (1942), La peste (1947), La muerte feliz (publicada de manera póstuma, en 1971); los ensayos El mito de Sísifo (1942), El hombre rebelde (1951); los libros de cuentos La caída (1956), El exilio y el reino (1957); una serie de obras de teatro: El malentendido (1944), Calígula (1938), El estado de sitio (1948), Los justos (1950), así como con adaptaciones dramáticas de obra de Faulkner, Lope de Vega y Dostoievski. Tema central en su obra es la problemática del absurdo: el hombre busca una justificación a su existencia y no la encuentra, por lo que se convierte en un extraño para sí mismo; la reflexión existencialista de Camus cercana y contemporánea a la de Sartre, gradualmente se traslada de los temas de la soledad y la muerte, hacia la esperanza y la solidaridad humana como posibles soluciones a su drama. 
586 |a Premio Nobel de Literatura 1957 
649 |a XX 
650 |a Novela Francesa 
650 |a Literatura Francesa -  |y Siglo XX 
650 |a Existencialismo en la Literatura 
910 |a Fondo General 
920 |a Impresos - Libros 
930 |a Colección General 
940 |a Literatura 
905 |a 101 
901 |a 019864  |b IT1  |c LIT  |u 20250521 
902 |a https://opac.biblio.iteso.mx/vufind/Record/000338340